000
00313nam a22001457a 4500
008
230529b ||||| |||| 00| 0 eng d
020
_a
9782811217266
041
_a
FRA
080
_a
82
082
_a
82HAS
100
_a
38
101
_a
GJL
245
_a
LA PERLE ET LA COQUILLE
_c
HASHIMI.N
942
_2
udc
_c
BK
999
_c
59855
_d
59855